[Event "FIDE-Wch k.o."]
[Site "Moscow"]
[Date "2001.11.30"]
[Round "2.2"]
[White "Ponomariov, Ruslan"]
[Black "Tiviakov, Sergei"]
[Result "1/2-1/2"]
[WhiteElo "2684"]
[BlackElo "2599"]
[Annotator "Rogozenco,D"]
[PlyCount "71"]
[EventDate "2001.11.27"]
[EventType "k.o."]
[EventRounds "7"]
[EventCountry "RUS"]
[SourceTitle "CBM 086"]
[Source "ChessBase"]
[SourceDate "2002.02.05"]
[SourceVersion "1"]
[SourceVersionDate "2002.02.05"]
[SourceQuality "1"]

1. e4 c5 2. Nf3 Nc6 3. d4 cxd4 4. Nxd4 g6 5. Nc3 Bg7 6. Be3 Nf6 7. Bc4 O-O 8.
Bb3 d6 9. f3 Bd7 10. h4 (10. Qd2 Rc8 ({The alternative is} 10... Nxd4 11. Bxd4
b5 (11... a5 $5 12. a3 (12. a4 {is of course critical.}) 12... b5 13. O-O Bc6
14. Kh1 Qb8 15. Nd5 Bxd5 16. exd5 Nd7 17. Bxg7 Kxg7 18. Rfe1 Re8 19. c3 Qb7 $11
{0-1 Christiansen,L-Tiviakov,S/Moscow 2001/ (85)})) 11. O-O-O Ne5 12. Kb1 Re8 {
Nowardays considered the best replay to 12.Kb1.} 13. h4 h5 14. Bg5 Rc5 {
and we reach the same position from the game after 14. ... Re8.}) 10... h5 11.
Qd2 Rc8 12. O-O-O Ne5 13. Bg5 Rc5 14. Kb1 Re8 {An interesting moment. Black
isn't going for the main line 14. ... b5, which to my knowledge is considered
to give Black good counterplay. On the other hand the present position may
arise after a different move order, look the previous comment.} 15. Bh6 (15.
Rhe1 Qa5 16. a3 (16. f4 Nc4 17. Bxc4 Rxc4 18. Nb3 Qa6 19. e5 Nh7 (19... Ng4 $5
$132) 20. exd6 $13 {0-1 Bologan,V-Golubev,M/Eforie Nord 2000/ (50)}) 16... Qa6
$1 17. f4 Nc4 18. Bxc4 Rxc4 19. e5 Nh7 {gave Black a good position in Smirin,
I-Hodgson,J/Ischia 1996 (24), 0,5.}) 15... Nc4 ({Later in the match Tiviakov
deviated here:} 15... Qa5 16. Bxg7 Kxg7 17. Rhe1 Rec8 18. f4 Neg4 19. Nf3 Bc6
20. Ng5 Be8 21. Qd4 R8c6 22. f5 Rxc3 23. bxc3 Ne5 24. fxg6 Nxg6 25. Nf3 Rc5 26.
Re3 Qc7 27. Rde1 e5 28. Qd2 a5 29. a4 b5 $44 {1-0 Ponomariov,R-Tiviakov,S/
Moscow 2001/ (50)}) (15... Bh8 $5 {Taking advantages from removing the rook
from f8 Black can try to save his bishop.}) 16. Bxc4 Rxc4 17. Bxg7 (17. Nb3 Qc7
18. g4 Rxc3 $1 19. Bxg7 Kxg7 20. bxc3 hxg4 21. h5 gxf3 22. hxg6 fxg6 23. Rdf1
Bg4 24. Nd4 Rc8 25. Kb2 {1/2-1/2 Nunn,J-Berndt,S/Germany 2000.}) 17... Kxg7 18.
Nd5 $14 {/=. Although White's position is slightly more pleasant thanks to his
space advantage - namely a better control over central squares - Black has no
weaknesses and a solid position, which give him good chances to equalize.} (18.
Rhe1 Qa5 19. Nb3 Qc7 20. Nd5 $6 Nxd5 21. exd5 Rxh4 $15 {1-0 Polzin,R-Reschke,S/
Germany 1997/ (45)}) 18... e5 $5 $146 {Taking away square d4 from White's
pieces. The price is the weak pawn on d6. Difficult to say what is more
important. In my opinion White is better after the text move, or maybe correct
is to put it this way - most of the players would prefer playing White, even
if there is nothing substantial.} (18... Nxd5 19. exd5 b5 20. g4 $5 (20. Rhg1
$5) 20... hxg4 21. h5 $36) (18... e6 $2 19. Ne3 Rc8 20. Nb3 {simply loses the
pawn d6, Ricardi-Cabrera/Cali 2001.}) 19. Nxf6 Qxf6 20. Nb3 Re6 {Looks awkward,
but not easy for White to improve the position without taking any risks. And
it seems that Ponomariov wasn't willing to take them.} 21. Qa5 (21. g4 $2 Qxf3)
(21. Rdf1 $5 Qf4 (21... b5 22. g4 $40) 22. Qxf4 exf4 23. Rd1 $14) 21... Ra4 22.
Qc3 (22. Qc7 Bc6 23. Rd2 {Looks like Black has some problems finding useful
moves. He seems to hold though:} Ra6 (23... Qf4 24. Rxd6) 24. Na5 (24. Rhd1
Qxh4) (24. a3 $5 $14) 24... Re7 25. Qd8 (25. Qxd6 $4 Qxd6 26. Rxd6 Rxa5) 25...
Rd7 26. Qxf6+ Kxf6 $11) 22... Qd8 23. Rd2 Qb6 24. Nc1 {Unfortunately for White
the knight cannot find a good square. His only chance for advantage to create
initiative on the kingside looks less realistic without the knight, so the
position is probably close to equal.} Bb5 25. b3 (25. g4 hxg4 26. h5 (26. fxg4
$2 Rxe4) 26... gxh5 27. Rxh5 $44) 25... Ra6 26. Rhd1 {A safe and natural way
to place pieces. However, the pawn d6 is well defended.} (26. g4 $5 {This
might bring not much, but otherwise I don't see how White can break through
Black's position. The kingside activity at least requires from Black concrete
problems to solve. All the more black rook on a6 is a little far from the
kingside.} hxg4 27. fxg4 $13) 26... Qd8 27. g3 Rc6 28. Qe3 Qb6 29. Qxb6 {
After trading queens Black is out of danger - no more fear of the possible
kingside attack.} (29. Qe1 $6 Rf6 30. Rf2 Rc3 $132) 29... Rxb6 30. Ka1 f5 $11
31. Ne2 fxe4 32. fxe4 Bxe2 33. Rxe2 Rf6 34. Kb2 Rc6 (34... Rf3 35. Rd3 $11) 35.
Rd3 Kf7 36. Rg2 1/2-1/2

[Event "FIDE-Wch k.o."]
[Site "Moscow"]
[Date "2001.11.30"]
[Round "2.3"]
[White "Ponomariov, Ruslan"]
[Black "Tiviakov, Sergei"]
[Result "1-0"]
[WhiteElo "2684"]
[BlackElo "2599"]
[Annotator "Rogozenco,D"]
[PlyCount "99"]
[EventDate "2001.11.27"]
[EventType "k.o."]
[EventRounds "7"]
[EventCountry "RUS"]
[SourceTitle "CBM 086"]
[Source "ChessBase"]
[SourceDate "2002.02.05"]
[SourceVersion "1"]
[SourceVersionDate "2002.02.05"]
[SourceQuality "1"]

1. e4 c5 2. Nf3 Nc6 3. d4 cxd4 4. Nxd4 g6 5. Nc3 Bg7 6. Be3 Nf6 7. Bc4 O-O 8.
Bb3 d6 9. f3 Bd7 10. h4 h5 11. Qd2 Rc8 12. O-O-O Ne5 13. Bg5 Rc5 14. Kb1 Re8
15. Bh6 Qa5 {In the second game of the match (previous to this one), Tiviakov
played 15. ... Nc4.} (15... Nc4 16. Bxc4 Rxc4 17. Bxg7 Kxg7 18. Nd5 e5 19. Nxf6
Qxf6 20. Nb3 $14 {1/2-1/2 Ponomariov,R-Tiviakov,S/Moscow 2001/ (36)}) 16. Bxg7
Kxg7 17. Rhe1 Rec8 ({A different plan of opening the b-file failed in the
following game:} 17... b5 18. f4 Nc4 19. Bxc4 bxc4 20. Nf3 Bg4 21. Qd4 Rb8 22.
Ka1 Rb6 23. e5 $16 {1-0 Enders,P-Adla,D/Cappelle la Grande 1997/ (50)}) 18. f4
Neg4 19. Nf3 Bc6 20. Ng5 Be8 21. Qd4 R8c6 22. f5 Rxc3 $1 {Generally speaking
is quite difficult to calculate variations in such a sharp Dragon position.
There are many options for either side and often players simply rely on their
feeling. Let's not forget the present game was played with a rapid time
control and most definetely both Ponomariov and Tiviakov chose their moves
according to the intuition. The exchange sac is typical for Sicilian positions
and in the game Black had good counterplay.} (22... Ne5 23. fxg6 Nxg6 24. Nd5
$16) (22... gxf5 {unnecessary opens files and gives White square e4:} 23. exf5
Re5 24. Nge4 $36) 23. bxc3 Ne5 24. fxg6 (24. Nf3 $5) (24. Qb4 $6 Qc7) 24...
Nxg6 (24... fxg6 {is dubious because it gives White square e6 for the knight.})
25. Nf3 Rc5 $1 $44 {The presence of many pawn weaknesses in White's position
and the absence of a clear plan give Black good compensation for the exchange.
Still the position remains quite dangerous for either side and Black must be
carefull not to allow White to activate the pieces and take the initiative. On
the other hand Black's plan is simple - to advance queenside pawns and keep an
eye on White's advance e4-e5.} (25... Rxc3 $2 26. e5 $16) 26. Re3 Qc7 27. Rde1
e5 (27... a5 $2 28. e5) 28. Qd2 a5 29. a4 (29. a3 $5) 29... b5 30. Ng5 (30.
axb5 Bxb5 $44) 30... bxa4 31. Ba2 Qb6+ {Typical when having no time. The check
probably only helps White to hide the king.} (31... Nxh4 {was the simplest
decision.}) (31... a3 32. c4 {[%cal Ge3a3]}) 32. Ka1 a3 33. Qc1 Nxh4 34. Rg3
Ng6 35. Qxa3 Nh7 $2 (35... Qc6 $5 {[%csl Rc3,Re4]} 36. Rf3 $140 h4 37. Ref1
Nxe4 38. Nxe4 Qxe4 39. Bxf7 Bc6 $132) 36. Rb1 Qc7 37. Nxh7 Kxh7 38. Rf3 Nf4 (
38... Kg7 39. Rbf1 $36) 39. Rh1 Ne2 $2 {An understandeble desire to bring the
knight closer to the queenside, but it proves that black king remains with no
protection at all. On the other hand it is difficult to find an acceptable way
since white rooks will become soon very active.} (39... Qc6 40. Re3 f6 {
defends the pawn h5, but the knight is forced to go to square g2...} 41. g3 Ng2
42. Rd3 Qxe4 43. Rxd6 $18) (39... Bc6 40. Rxh5+ Nxh5 41. Rxf7+ Qxf7 42. Bxf7
$16) (39... Bd7 40. Bxf7 (40. g3 Bg4) 40... Bg4 41. Rg3 Qxf7 42. Rxg4 $16) (
39... Kg7 $1 {Probably the only way to put up resistance. Main idea is to hold
the pawn h5 and if White will play g3, then to continue similar to the game.
The difference in this case would be that White lost time for the move g3,
which which is of course in Black's favour.} 40. g3 $140 Ne2 41. c4 Nd4 42. Rf2
f6 {and comparing to the game Black kept pawn h5.}) 40. c4 Nd4 41. Rf2 Kg7 42.
Rxh5 $18 Kf8 43. Qg3 Ke7 44. Rh7 Kd8 45. c3 Rxc4 46. cxd4 Rc1+ 47. Kb2 Rd1 48.
Qg5+ Kc8 49. Qg4+ Kb8 50. Qxd1 1-0

[Event "BCF-ch 89th"]
[Site "Torquay"]
[Date "2002.08.02"]
[Round "5"]
[White "Gallagher, Joseph G"]
[Black "Ward, Christopher"]
[Result "1/2-1/2"]
[WhiteElo "2517"]
[BlackElo "2498"]
[Annotator "Rogozenco,D"]
[PlyCount "54"]
[EventDate "2002.07.29"]
[EventType "swiss"]
[EventRounds "11"]
[EventCountry "ENG"]
[SourceTitle "CBM 091"]
[Source "ChessBase"]
[SourceDate "2002.11.12"]
[SourceVersion "1"]
[SourceVersionDate "2002.11.12"]
[SourceQuality "1"]

1. e4 c5 2. Nf3 g6 3. d4 cxd4 4. Nxd4 Nf6 5. Nc3 d6 6. Be3 Bg7 7. f3 Nc6 8. Qd2
O-O 9. Bc4 Bd7 10. O-O-O Rb8 $5 {In his interesting article published in New
in Chess Yearbook Nr.62, Luc Henris entitled this variation "The Chinese
Dragon". He had given his explanations about this attractive name of the line.
However, more important is that 10....Rb8 might be an interesting alternative
to the well-studied 10...Qa5 or 10...Ne5 (10...Rc8) for those who want to play
Dragon and avoid the theory.} 11. Bb3 (11. h4 b5 12. Nxc6 Bxc6 13. Bb3 a5 14.
Bh6 b4 15. Nd5 (15. Na4 Qe8 16. h5 Bxh6 $1 (16... Bxa4 17. hxg6 Bxb3 18. gxh7+
Kh8 19. Bxg7+ Kxg7 20. h8=Q+ $1 Rxh8 21. Qg5+ $18) 17. Qxh6 Bxa4 18. hxg6 Bxb3
19. gxh7+ Kh8 $17) 15... a4 16. Bc4 Bxd5 17. Bxd5 e6 18. Bxg7 Kxg7 19. Bc4 Qc7
20. Bd3 b3 21. axb3 Rxb3 22. h5 a3 23. hxg6 fxg6 {0-1 Carvalho,A-Romero Holmes,
A/Lisbon 1998/EXT 99 (23)}) (11. Kb1 {I won't be surprised is this universal
move will sometime be considered the strongest continuation.} Ne5 (11... b5 $5
{Ravinsky-Krasnov, Moscow 1964.}) 12. Be2 (12. Bb3 b5) 12... a6 {I don't like
this. Too slow. Playing ...Rb8 followed by ...a6 is just too much luxury one
can allow oneself in Dragon. Or maybe Chinese Dragon is different?} 13. g4 b5
14. h4 Nc4 15. Bxc4 bxc4 16. Ka1 Qb6 17. Rb1 Qb7 18. h5 e5 19. Nde2 Rbd8 20.
Ng3 Be6 21. Nf5 $1 $40 {1-0 Bratovic,B-Boros,D/Balatonlelle HUN 2002 (39)})
11... Ne5 12. f4 $6 {Gallagher must have missed the above-mentioned article.
12.f4 is correctly given as doubtful there.} (12. Bh6 $5 Bxh6 (12... b5 $142)
13. Qxh6 b5 14. h4 e6 15. h5 Qe7 16. hxg6 fxg6 17. Qg5 Nf7 18. Qg3 a5 19. Nce2
Rfc8 20. Nf4 e5 21. Nxg6 hxg6 22. Nf5 Bxf5 23. exf5 g5 24. Qxg5+ Kf8 25. Bxf7
Qxf7 26. Rxd6 $18 {1-0 Ernst,T-Carlsson,P/Stockholm SWE 2002 (30)}) (12. g4 b5
{[%cal Ge5c4] and I believe Black is fine.}) 12... Neg4 13. Bg1 b5 $1 {That's
the reason why 12.f4 doesn't work so well. Now after a forced line Black's
chances are certainly not worse.} 14. h3 b4 15. hxg4 bxc3 16. Qxc3 Rc8 $1 (
16... Nxg4 17. e5 $1 $36) 17. Qg3 Bxg4 18. Re1 Qa5 19. c3 (19. e5 $2 Nh5 $1 {
[%csl Re1]}) 19... e5 (19... Rc7 $2 20. e5) 20. fxe5 dxe5 21. Nf3 (21. Nc2 Rfd8
$17) 21... Rxc3+ {Forcing the draw.} 22. bxc3 Qxc3+ 23. Kb1 Rc8 (23... Nxe4 {
doesn't work:} 24. Qxg4 (24. Rxe4 $2 Bf5 $13) 24... Nd2+ 25. Nxd2 e4 26. Nc4
Qxe1+ (26... Qa1+ 27. Kc2 Qc3+ 28. Kd1 Rd8+ 29. Ke2 {and the king escapes.})
27. Qd1 Qc3 28. Rh3 $18) 24. Bxa7 {Not greed, but the rational connecting of
rooks and taking c1 under control by rook h1, thus defending against ...Nxe4.}
(24. Rd1 $2 Nxe4 25. Qxg4 (25. Qe1 Nd2+ {[%cal Gg4f5]})) (24. Qf2 $2 Nxe4 25.
Rxe4 Qc1#) 24... Qd3+ 25. Kb2 Qc3+ 26. Kb1 Qd3+ 27. Kb2 Qc3+ {The Chinese
Dragon survived in this game. Or shall I say that "it almost struck"?} 1/2-1/2

[Event "World Cup"]
[Site "Khanty-Mansiysk"]
[Date "2009.11.23"]
[Round "1.4"]
[White "Dominguez Perez, Leinier"]
[Black "Smerdon, David"]
[Result "1/2-1/2"]
[WhiteElo "2719"]
[BlackElo "2525"]
[Annotator "Rogozenco,D"]
[PlyCount "73"]
[EventDate "2009.11.21"]
[EventType "k.o."]
[EventRounds "7"]
[EventCountry "RUS"]
[SourceTitle "CBM 134"]
[Source "ChessBase"]
[SourceDate "2010.01.18"]
[SourceVersion "1"]
[SourceVersionDate "2010.01.18"]
[SourceQuality "1"]

1. e4 c5 2. Nf3 d6 3. d4 cxd4 4. Nxd4 Nf6 5. Nc3 g6 6. Be3 Bg7 7. f3 O-O 8. Qd2
Nc6 9. Bc4 Bd7 10. O-O-O Rc8 11. Bb3 Ne5 12. Kb1 Re8 ({Thanks to Carlsen the
move} 12... a6 {became popular in 2008 and 2009, but many concrete variations
show that 12...Re8 is more useful for Black in many variations. The following
example has similarities with our main game:} 13. h4 h5 14. g4 hxg4 15. h5 Nxh5
16. Bh6 e6 17. Rdg1 Qf6 18. fxg4 Bxh6 19. Qxh6 Qg7 20. Qe3 Nf6 21. g5 Nh5 22.
Nde2 a5 23. Rxh5 $5 (23. Nf4 $5 Nxf4 24. Qxf4 Rxc3 25. bxc3 a4 26. Rh3 $5 axb3
$140 27. Rgh1 bxc2+ 28. Kxc2 $40) (23. a4 $14) 23... gxh5 24. Nf4 Ng4 25. Qh3
Qd4 26. Nce2 Qxe4 27. Qxh5 (27. Nxh5 $40) 27... a4 28. Rh1 Qxh1+ 29. Qxh1 axb3
30. axb3 $14 {1/2-1/2 Dominguez Perez,L (2708)-Carlsen,M (2775)/Biel 2008 (52)}
) 13. h4 h5 {A critical starting position of the modern Sicilian Dragon.} 14.
g4 {One of two principled continuations.} ({The second one is} 14. Bh6 Nc4 15.
Bxc4 Rxc4 16. Bxg7 Kxg7 {and now White faces a choice between the sharp} 17. g4
({and the positional} 17. Nd5) 17... hxg4 18. h5 {I believe that in both cases
the complications lead to a minimal advantage for White.}) 14... hxg4 15. h5
Nxh5 16. Bh6 e6 (16... Kh7 17. Bxg7 Kxg7 18. fxg4 Bxg4 19. Nf5+ $1 {proved to
be unpleasant for Black (Kasimdzhanov twice defended the black side here).}) (
16... Bf6 {hasn't been tried at a high level, but it looks suspicious after}
17. Nd5 $40) 17. Rdg1 Qf6 (17... g3 18. Rxh5 gxh5 19. Rxg3 Ng6 20. Nf5 {
is another position, which from the practical point of view is difficult to
defend with Black. In the game Vachier Lagrave,M (2703)-Kasimdzhanov,R (2672)/
San Sebastian 2009 one inaccuracy later on was enough for Black to lose.}) 18.
fxg4 ({Bad is} 18. Bxg7 Kxg7 19. fxg4 {which allows} Qf4 $17 {0-1 Stanojoski,Z
(2493)-Parligras,M (2605)/Budva 2009 (28)}) 18... Bxh6 19. Qxh6 Qg7 20. Qe3 Nf6
21. g5 Nh5 {An important position for the evaluation of 14.g4. Comparing with
Dominguez-Carlsen (see 12...a6 above), here Black has the rook on e8 instead
of the pawn on a6. This makes White's chances for a quick attack with
sacrifices somewhat less attractive (because the black king has the f8-square
for his escape), therefore Dominguez changes the plan, using the possibility
to move with the knight to b5.} 22. Ndb5 ({Still} 22. Nde2 {was a worthy
alternative (the knight goes to f4). Then after} a5 (22... b5 23. Nf4 $1 Nxf4
24. Qxf4 b4 25. Rg3 $1 $40 bxc3 26. Rgh3 $18) {White can play the more quiet}
23. a4 $13 {/+/=} ({My computer shows the following variation after the sac on
h5:} 23. Rxh5 gxh5 24. Nf4 Qh8 (24... Qh7) 25. g6 fxg6 26. Nxg6 Nxg6 27. Nd5
exd5 28. Rxg6+ Kf7 29. Rh6 Qg7 30. Qf2+ Ke7 31. Qh4+ Kf8 32. Qf4+ Ke7 {with a
draw...})) 22... Bxb5 23. Nxb5 Red8 24. Qxa7 Nf3 25. Rg2 Qe5 $146 {This is of
course stronger than giving up the b-pawn, as played in one game before.} (
25... Rc5 26. Qxb7 Qe5 $2 (26... Nxg5 {was better, although after} 27. Rf1 ({
stronger than} 27. a4 Qf6 28. a5 $140 $2 Qe5) ({or} 27. Qe7 Qf6 28. Qb7 {
since the exchange of queens favours Black}) {White's chances are preferable.
Then} 27... Nxe4 {is answered with} (27... Qe5 $2 28. Rxg5 Qxg5 29. Qxf7+ Kh8
30. Nd4 $18) 28. Bxe6 $1 fxe6 29. Qxe4 $36 {[%csl Rg6]}) 27. a4 (27. Qe7 $18)
27... Nxg5 28. Rxh5 (28. Qe7 Qf6 29. Qb7 {1-0 Domany,Z (2101)-Bennett,D/
Kecskemet 2005 (47)}) 28... gxh5 29. Qe7 Rf8 30. Bd5 $1 $18) 26. Qe3 (26. Qxb7
$2 Rb8 $19) 26... Ne1 $5 {An interesting small detail - the white rook on e1
is worse placed than on h1, where together with the queen on f3 it would have
generated exchange sacrifice ideas.} ({For instance after the immediate} 26...
Qxb5 27. Qxf3 Qe5 (27... Kg7 $2 28. Rxh5 gxh5 29. Qf6+ Kg8 30. g6 $18) {
White can consider} 28. Rxh5 $5 gxh5 29. g6 {with an attack:} f6 30. Bxe6+ $1
Qxe6 (30... Kg7 {with a slightly inferior position might be best}) 31. Qxh5 Qd7
(31... Rc7 32. Rh2 $18) (31... Qe7 32. Rh2 Qg7 33. Qd5+ Kf8 34. Rh8+ $1 Ke7 35.
Qxb7+ $18) 32. Rh2 Kf8 33. Qh8+ Ke7 34. Qh7+ Kf8 (34... Ke6 35. Qh3+ Ke7 36.
Qb3 $1) 35. Qxd7 Rxd7 36. Rh8+ Kg7 37. Rxc8 Kxg6 38. a4 $16) 27. Rxe1 Qxb5 28.
c3 Qe5 {In order to make progress White must prepare to attack the Nh5 with
the bishop from d1, but then Black can either play Rc4, or d6-d5, with
counterplay in the centre. Still this plan would have been White's only chance
to play for an advantage. In the game Dominguez avoids any risk and keeps the
bishop on b3, agreeing soon to a draw.} 29. a3 (29. Bd1 d5 30. Bxh5 gxh5 31.
Qf3 dxe4 32. Qxh5 e3 33. Rh2 Rc5 $11) 29... b5 30. Ka2 (30. Bd1 $5 d5 31. Bxh5
gxh5 32. Qf3 dxe4 (32... d4 $5) 33. Qxh5 e3 34. Qf3 $1 $14) 30... Kg7 $1 31.
Rf1 ({Now} 31. Bd1 {brings nothing due to} Rh8) 31... Rc7 32. Qf3 Ra8 33. Rh1
Rh8 $11 34. Rd1 Rd8 35. Rh1 Rh8 36. Rd1 Rd8 37. Rh1 1/2-1/2